Mentorship in the primary school

Αποθηκεύτηκε σε:
Λεπτομέρειες βιβλιογραφικής εγγραφής
Άλλοι συγγραφείς: Yeomans, Robin (Επιμελητής έκδοσης), Sampson, John 1949- (Επιμελητής έκδοσης)
Μορφή: Βιβλίο
Γλώσσα:English
Δημοσίευση: London : The Falmer Press, 1994
Θέματα:
Ετικέτες: Προσθήκη ετικέτας
Δεν υπάρχουν, Καταχωρήστε ετικέτα πρώτοι!

MARC

LEADER 00000nam a2200000 i 4500
001 1/93961
008 991123s1994 eng d
020 |a 0-7507-0263-X 
035 |l 10054614 
040 |a GR-MY-UA  |b gre  |e aacr 
041 0 |a eng 
082 0 |a 370.71 
245 1 0 |a Mentorship in the primary school /  |c edited by Robin Yeomans, John Sampson 
260 |a London :   |b The Falmer Press,   |c 1994 
300 |a 221 p. 
650 0 0 |a Mentoring in education  |z Great Britain. 
650 0 0 |a Education, Elementary  |z Great Britain. 
700 1 |a Yeomans, Robin.  |4 edt 
700 1 |a Sampson, John  |d 1949-  |4 edt 
852 |a INST  |b RHODES  |e 19991123  |h 370.71 MEN  |p 005400012778  |q 005400012778  |t BK  |y 0 
901 |a BIBL4-1999-3 
909 |a Ρ  |b 070018 
922 |a 4ΕΛΗ  |b 199910  |c ΚΠΣ/154  |d GLORY BOOKS 
970 |a ΚΟΥΛΑΚΙΟΤΗ  |b ΛΙΤΣΑ  |z 1999/11/23